[Event "Titled Tuesday intern op 03rd Jan Late"]
[Site "Chess.com INT"]
[Date "2025.06.03"]
[Round "7"]
[White "Aronian, Levon"]
[Black "Galchenko, Matvey"]
[Result "0-1"]
[WhiteElo "2747"]
[BlackElo "2442"]
[PlyCount "92"]
[EventDate "2025.06.03"]
[EventType "swiss (blitz)"]
[EventRounds "11"]
[EventCountry "USA"]
[SourceTitle "CB24_2025"]
[SourceDate "2025.06.11"]
[SourceVersion "1"]
[SourceVersionDate "2025.06.11"]
[SourceQuality "1"]

1. c4 c5 2. Nc3 g6 3. g3 Bg7 4. Bg2 Nc6 5. e3 e5 6. Nge2 Nge7 7. d3 0-0 8. 0-0 d6 9. a3 Rb8 10. Rb1 a5 11. Bd2 Be6 12. Qb3 b5 13. Nxb5 d5 14. Qc2 e4 15. dxe4 dxc4 16. Nec3 Ne5 17. f4 Nd3 18. e5 Nf5 19. a4 f6 20. exf6 Bxf6 21. Ne4 Bg7 22. Ng5 Bd5 23. e4 Nd4 24. Nxd4 Bxd4+ 25. Kh1 h6 26. exd5 hxg5 27. Qxc4 Nf2+ 28. Rxf2 Bxf2 29. fxg5 Bd4 30. Bf4 Rb4 31. Qa6 Qb6 32. Qxb6 Rxb6 33. Bc7 Rxb2 34. Rxb2 Bxb2 35. d6 Be5 36. Bd5+ Kg7 37. Bxa5 Bxd6 38. Bc3+ Kh7 39. a5 Rf1+ 40. Kg2 Rc1 41. Bf6 c4 42. Kf3 c3 43. Kg4 Rd1 44. Be4 Re1 45. Kf3 Rf1+ 46. Ke2 Rg1 0-1

[Event "Titled Tuesday intern op 03rd Jan Late"]
[Site "Chess.com INT"]
[Date "2025.06.03"]
[Round "10"]
[White "Erdogmus, Yagiz Kaan"]
[Black "Galchenko, Matvey"]
[Result "1-0"]
[WhiteElo "2618"]
[BlackElo "2442"]
[PlyCount "63"]
[EventDate "2025.06.03"]
[EventType "swiss (blitz)"]
[EventRounds "11"]
[EventCountry "USA"]
[SourceTitle "CB24_2025"]
[SourceDate "2025.06.11"]
[SourceVersion "1"]
[SourceVersionDate "2025.06.11"]
[SourceQuality "1"]

1. b3 e5 2. Bb2 Nc6 3. c4 Nf6 4. Nf3 e4 5. Nd4 Bc5 6. Nf5 0-0 7. Ng3 Bd4 8. Bxd4 Nxd4 9. Nc3 Re8 10. e3 Nc6 11. d3 exd3 12. Bxd3 d6 13. 0-0 Bg4 14. f3 Bd7 15. Qd2 Ne5 16. Bc2 a6 17. f4 Nc6 18. e4 Ng4 19. h3 Qh4 20. Rf3 Nf6 21. Raf1 Rad8 22. Nd5 Nxd5 23. exd5 Ne7 24. f5 f6 25. Ne4 Kh8 26. Rf4 Qh5 27. Qf2 Ng8 28. Qg3 Re5 29. Rh4 Qf7 30. c5 dxc5 31. Qxe5 Bb5 32. Rd1 1-0

[Event "Titled Tuesday intern op 03rd Jan Late"]
[Site "Chess.com INT"]
[Date "2025.06.03"]
[Round "5"]
[White "Galchenko, Matvey"]
[Black "Vlassov, Nikolai"]
[Result "1-0"]
[WhiteElo "2442"]
[BlackElo "2291"]
[PlyCount "69"]
[EventDate "2025.06.03"]
[EventType "swiss (blitz)"]
[EventRounds "11"]
[EventCountry "USA"]
[SourceTitle "CB24_2025"]
[SourceDate "2025.06.11"]
[SourceVersion "1"]
[SourceVersionDate "2025.06.11"]
[SourceQuality "1"]

1. b3 e5 2. Bb2 Nc6 3. c4 f5 4. Nf3 d6 5. d4 e4 6. d5 exf3 7. dxc6 bxc6 8. exf3 Nf6 9. g3 Be7 10. Bg2 0-0 11. 0-0 c5 12. Qd3 Qd7 13. f4 Rb8 14. Nd2 Kh8 15. Rfe1 Bb7 16. Bxb7 Rxb7 17. Nf3 Ne4 18. Rad1 Bf6 19. Bxf6 Rxf6 20. Re3 Rb8 21. Rde1 Re6 22. Qd5 Qf7 23. Rxe4 fxe4 24. Ng5 Qh5 25. Qxe6 h6 26. Nxe4 Re8 27. Qd5 Qg6 28. Re3 Rf8 29. Rf3 Rf5 30. Qd3 Rh5 31. Nc3 Qg4 32. Re3 Qd7 33. Qe2 Qh3 34. Re8+ Kh7 35. Qe4+ 1-0

[Event "Titled Tuesday intern op 03rd Jan Late"]
[Site "Chess.com INT"]
[Date "2025.06.03"]
[Round "6"]
[White "Galchenko, Matvey"]
[Black "Yurtseven, Melih"]
[Result "1-0"]
[WhiteElo "2442"]
[BlackElo "2339"]
[PlyCount "61"]
[EventDate "2025.06.03"]
[EventType "swiss (blitz)"]
[EventRounds "11"]
[EventCountry "USA"]
[SourceTitle "CB24_2025"]
[SourceDate "2025.06.11"]
[SourceVersion "1"]
[SourceVersionDate "2025.06.11"]
[SourceQuality "1"]

1. e4 e5 2. Nf3 Nc6 3. d4 exd4 4. c3 Nf6 5. e5 Ne4 6. Qe2 Nc5 7. cxd4 Ne6 8. d5 Bb4+ 9. Nc3 Ned4 10. Qe4 Nxf3+ 11. gxf3 Bxc3+ 12. bxc3 Ne7 13. d6 Ng6 14. Ba3 c6 15. f4 Qh4 16. Rg1 Qxf4 17. Qxf4 Nxf4 18. Kd2 Ng6 19. Re1 0-0 20. Bc4 b5 21. Bb3 a5 22. Bc5 b4 23. cxb4 axb4 24. Bxb4 Ba6 25. Rg4 Rab8 26. Bc3 Kh8 27. h4 f5 28. exf6 gxf6 29. h5 Ne5 30. Rxe5 fxe5 31. Bxe5+ 1-0

[Event "Titled Tuesday intern op 01st Apr Early"]
[Site "Chess.com INT"]
[Date "2025.04.01"]
[Round "3"]
[White "Galchenko, Matvey"]
[Black "Safin, Robert"]
[Result "1-0"]
[WhiteElo "2438"]
[BlackElo "2153"]
[PlyCount "59"]
[EventDate "2025.04.01"]
[EventType "swiss (blitz)"]
[EventRounds "11"]
[EventCountry "USA"]
[SourceTitle "CB15_2025"]
[SourceDate "2025.04.09"]
[SourceVersion "1"]
[SourceVersionDate "2025.04.09"]
[SourceQuality "1"]

1. f4 Nf6 2. Nf3 g6 3. g3 Bg7 4. Bg2 0-0 5. 0-0 d6 6. d3 Nbd7 7. Nc3 e5 8. e4 c6 9. f5 d5 10. Nh4 dxe4 11. dxe4 Nb6 12. Qe2 Qd4+ 13. Kh1 Qc4 14. Qf3 Na4 15. Nd1 Qxc2 16. g4 h5 17. g5 Nh7 18. Qg3 Nc5 19. Nc3 Nd3 20. f6 Bh8 21. Be3 Qxb2 22. Na4 Qb4 23. Bg1 Qxa4 24. Qxd3 Nxg5 25. Qg3 Bg4 26. Qxe5 Ne6 27. h3 Be2 28. Nxg6 Bxf1 29. Ne7+ Kh7 30. Qxh5# 1-0

[Event "Titled Tuesday intern op 01st Apr Early"]
[Site "Chess.com INT"]
[Date "2025.04.01"]
[Round "5"]
[White "Perez Gormaz, Matias Ariel"]
[Black "Galchenko, Matvey"]
[Result "0-1"]
[WhiteElo "2394"]
[BlackElo "2438"]
[PlyCount "96"]
[EventDate "2025.04.01"]
[EventType "swiss (blitz)"]
[EventRounds "11"]
[EventCountry "USA"]
[SourceTitle "CB15_2025"]
[SourceDate "2025.04.09"]
[SourceVersion "1"]
[SourceVersionDate "2025.04.09"]
[SourceQuality "1"]

1. e4 e6 2. d4 d5 3. Nd2 a6 4. Ngf3 Nf6 5. e5 Nfd7 6. c3 c5 7. Bd3 Nc6 8. 0-0 g5 9. Bc2 g4 10. Ne1 cxd4 11. f4 h5 12. cxd4 Nxd4 13. Bb1 Qb6 14. Kh1 Nc5 15. Nc4 Qb5 16. Ne3 Nc6 17. Nd3 Bd7 18. a4 Qb6 19. Ra3 Nxd3 20. Rxd3 Nb4 21. Rc3 Bc5 22. b3 Nc6 23. Rd3 Nb4 24. Rc3 Bd4 25. Qd2 Bxc3 26. Qxc3 d4 27. Nc4 dxc3 28. Nxb6 Rd8 29. Ba3 Nd5 30. Nc4 Bc6 31. Kg1 h4 32. Rc1 b5 33. axb5 axb5 34. Nd6+ Rxd6 35. Bxd6 Kd7 36. Be4 Rc8 37. b4 Bb7 38. Kf2 Rg8 39. Bxd5 g3+ 40. hxg3 hxg3+ 41. Kg1 Bxd5 42. Rxc3 Bc4 43. Re3 Kc6 44. Rc3 Kd5 45. Ra3 Ke4 46. Bc5 Kxf4 47. Bd6 Ke4 48. Rc3 Kd5 0-1

[Event "Titled Tuesday intern op 25th Mar Early"]
[Site "Chess.com INT"]
[Date "2025.03.25"]
[Round "9"]
[White "Dilanyan, Grigor"]
[Black "Galchenko, Matvey"]
[Result "0-1"]
[WhiteElo "2191"]
[BlackElo "2438"]
[PlyCount "72"]
[EventDate "2025.03.25"]
[EventType "swiss (blitz)"]
[EventRounds "11"]
[EventCountry "USA"]
[SourceTitle "CB14_2025"]
[SourceDate "2024.11.01"]
[SourceVersion "1"]
[SourceVersionDate "2024.11.01"]
[SourceQuality "1"]

1. d4 Nf6 2. Nf3 c5 3. d5 b5 4. Bg5 g6 5. Nbd2 Bg7 6. e4 b4 7. e5 Nxd5 8. Ne4 Nb6 9. Nd6+ Kf8 10. Bh4 Nc6 11. Ng5 Nxe5 12. Qe2 f6 13. f4 exd6 14. fxe5 fxg5 15. Bg3 Bxe5 16. 0-0-0 Qf6 17. Qd2 Bxb2+ 18. Kb1 Bd4 19. Bb5 Kg7 20. Rhf1 Qe6 21. Rde1 Be5 22. Bxe5+ dxe5 23. Qf2 d6 24. Qg3 Nd5 25. Bc4 Nc3+ 26. Qxc3 bxc3 27. Bxe6 Bxe6 28. Rf3 Rab8+ 29. Ka1 Rb2 30. Rxc3 Rxa2+ 31. Kb1 Rb8+ 32. Kc1 Ra1+ 33. Kd2 Rxe1 34. Kxe1 a5 35. Ra3 Ra8 36. Kd2 a4 0-1

[Event "Titled Tuesday intern op 25th Mar Early"]
[Site "Chess.com INT"]
[Date "2025.03.25"]
[Round "1"]
[White "Galchenko, Matvey"]
[Black "Carcamo, Matias"]
[Result "0-1"]
[WhiteElo "2438"]
[BlackElo "2084"]
[PlyCount "110"]
[EventDate "2025.03.25"]
[EventType "swiss (blitz)"]
[EventRounds "11"]
[EventCountry "USA"]
[SourceTitle "CB14_2025"]
[SourceDate "2024.11.01"]
[SourceVersion "1"]
[SourceVersionDate "2024.11.01"]
[SourceQuality "1"]

1. f4 c6 2. Nf3 d5 3. g3 Nf6 4. Bg2 Bf5 5. 0-0 Nbd7 6. d3 e6 7. Nc3 Bc5+ 8. e3 Bg4 9. h3 Bxf3 10. Qxf3 0-0 11. Kh2 Bb6 12. e4 e5 13. exd5 exf4 14. Bxf4 Rc8 15. d6 Bd4 16. Rae1 Qa5 17. g4 h6 18. Ne4 Rfe8 19. c3 Be5 20. Nxf6+ Nxf6 21. a3 Rcd8 22. Qg3 Bxf4 23. Qxf4 Qb5 24. c4 Qxb2 25. c5 Rxe1 26. Rxe1 Qc3 27. Re5 Qxd3 28. g5 hxg5 29. Rxg5 Qc3 30. h4 Re8 31. h5 Re2 32. h6 g6 33. d7 Nxd7 34. h7+ Kxh7 35. Qxf7+ Qg7 36. Qf4 Re5 37. Rg3 Rh5+ 38. Kg1 Qa1+ 39. Bf1 Nf6 40. Re3 Ng8 41. Qf7+ Qg7 42. Qf4 Qf6 43. Qe4 Rg5+ 44. Bg2 Kg7 45. Qb4 Qa1+ 46. Kh2 Rh5+ 47. Kg3 Qa2 48. Qxb7+ Kh6 49. Qxc6 Rg5+ 50. Kh2 Nf6 51. Rh3+ Nh5 52. Qf3 Qd2 53. Qf8+ Kh7 54. Qe7+ Kh6 55. Qd6 Qxg2# 0-1

[Event "Titled Tuesday intern op 25th Mar Early"]
[Site "Chess.com INT"]
[Date "2025.03.25"]
[Round "8"]
[White "Galchenko, Matvey"]
[Black "Rosen, Eric S"]
[Result "0-1"]
[WhiteElo "2438"]
[BlackElo "2377"]
[PlyCount "72"]
[EventDate "2025.03.25"]
[EventType "swiss (blitz)"]
[EventRounds "11"]
[EventCountry "USA"]
[SourceTitle "CB14_2025"]
[SourceDate "2024.11.01"]
[SourceVersion "1"]
[SourceVersionDate "2024.11.01"]
[SourceQuality "1"]

1. f4 d5 2. Nf3 g6 3. g3 Bg7 4. Bg2 Nh6 5. 0-0 c6 6. Nc3 Nf5 7. e3 Nd7 8. Qe2 0-0 9. d3 e5 10. e4 Nd4 11. Nxd4 exd4 12. Nd1 dxe4 13. dxe4 Nf6 14. Nf2 Re8 15. h3 Qb6 16. Kh2 Be6 17. g4 Rad8 18. Nd3 c5 19. f5 Bd5 20. e5 c4 21. Nf4 Rxe5 22. Qf2 Bxg2 23. Qxg2 Qd6 24. Kg1 Nd5 25. Qf2 Ne3 26. Bxe3 dxe3 27. Qe2 Ree8 28. c3 b5 29. h4 Qe5 30. h5 Rd2 31. Qf3 g5 32. Ng2 Bf6 33. Rfe1 Rd3 34. Re2 Bd8 35. Kh1 Bc7 36. Rf1 Qh2# 0-1

[Event "Titled Tuesday intern op 25th Mar Early"]
[Site "Chess.com INT"]
[Date "2025.03.25"]
[Round "11"]
[White "Mekhitarian, Krikor Sevag"]
[Black "Galchenko, Matvey"]
[Result "1-0"]
[WhiteElo "2564"]
[BlackElo "2438"]
[PlyCount "99"]
[EventDate "2025.03.25"]
[EventType "swiss (blitz)"]
[EventRounds "11"]
[EventCountry "USA"]
[SourceTitle "CB14_2025"]
[SourceDate "2024.11.01"]
[SourceVersion "1"]
[SourceVersionDate "2024.11.01"]
[SourceQuality "1"]

1. Nf3 c5 2. c4 g6 3. d4 cxd4 4. Nxd4 Bg7 5. e4 Nc6 6. Be3 Nf6 7. Nc3 0-0 8. Be2 d6 9. 0-0 Nxd4 10. Bxd4 a5 11. b3 Bd7 12. f3 Bc6 13. Qd2 Nd7 14. Be3 Nc5 15. Rab1 e6 16. Rfd1 Be5 17. Bd4 Qe7 18. Bxe5 dxe5 19. Qe3 Rad8 20. a3 Rxd1+ 21. Bxd1 b6 22. b4 axb4 23. axb4 Nd7 24. Ba4 Rc8 25. Bxc6 Rxc6 26. Qd3 Nf6 27. g3 Ne8 28. Nb5 Nd6 29. Nxd6 Rxd6 30. Qc3 Qc7 31. c5 Rd4 32. Rc1 b5 33. Ra1 Qc6 34. Kg2 f5 35. exf5 exf5 36. Qb3+ Kg7 37. Ra7+ Rd7 38. Rxd7+ Qxd7 39. Qc3 Kf6 40. c6 Qc7 41. Qc5 e4 42. fxe4 fxe4 43. Kf2 Ke6 44. Ke3 h6 45. Kxe4 Kf7 46. Qd5+ Ke8 47. Qe5+ Kd8 48. Qxc7+ Kxc7 49. Kd5 g5 50. g4 1-0

[Event "Titled Tuesday intern op 18th Mar Late"]
[Site "Chess.com INT"]
[Date "2025.03.18"]
[Round "2"]
[White "Galchenko, Matvey"]
[Black "Jaskolka, Tomasz"]
[Result "1-0"]
[WhiteElo "2438"]
[BlackElo "2198"]
[PlyCount "91"]
[EventDate "2025.03.18"]
[EventType "swiss (blitz)"]
[EventRounds "11"]
[EventCountry "USA"]
[SourceTitle "CB13_2025"]
[SourceDate "2025.03.26"]
[SourceVersion "1"]
[SourceVersionDate "2025.03.26"]
[SourceQuality "1"]

1. f4 d5 2. Nf3 Nf6 3. g3 Bg4 4. Bg2 e6 5. 0-0 c6 6. d3 Nbd7 7. Nc3 Bc5+ 8. e3 0-0 9. h3 Bxf3 10. Qxf3 b5 11. a3 a5 12. Kh2 Qc7 13. e4 dxe4 14. dxe4 e5 15. f5 Bd4 16. Ne2 b4 17. g4 bxa3 18. Rxa3 Bc5 19. Ra1 Rfd8 20. g5 Ne8 21. Ng3 f6 22. h4 Nd6 23. h5 a4 24. h6 gxh6 25. gxh6 Kh8 26. Nh5 Rg8 27. Ng7 Ne8 28. Ne6 Qd6 29. Rd1 Qe7 30. Bd2 a3 31. b4 Bd4 32. c3 Bb6 33. Be1 Nc7 34. Bh3 Nxe6 35. fxe6 Nf8 36. Bh4 Rg6 37. Rf1 Bd8 38. Qh5 Nxe6 39. Bf5 Nf4 40. Rxf4 exf4 41. Bxg6 hxg6 42. Qxg6 a2 43. Rg1 Bc7 44. Bxf6+ Qxf6 45. Qxf6+ Kh7 46. Qg7# 1-0

[Event "Titled Tuesday intern op 18th Mar Late"]
[Site "Chess.com INT"]
[Date "2025.03.18"]
[Round "11"]
[White "Galchenko, Matvey"]
[Black "Paravyan, David"]
[Result "0-1"]
[WhiteElo "2438"]
[BlackElo "2619"]
[PlyCount "74"]
[EventDate "2025.03.18"]
[EventType "swiss (blitz)"]
[EventRounds "11"]
[EventCountry "USA"]
[SourceTitle "CB13_2025"]
[SourceDate "2025.03.26"]
[SourceVersion "1"]
[SourceVersionDate "2025.03.26"]
[SourceQuality "1"]

1. d4 d5 2. Nf3 Nf6 3. e3 a6 4. h3 c5 5. Be2 Nc6 6. 0-0 g5 7. Ne5 h5 8. Nxc6 bxc6 9. c4 g4 10. h4 e6 11. g3 Ne4 12. Nc3 f5 13. dxc5 Bg7 14. Qc2 Qe7 15. Na4 Rb8 16. Rb1 0-0 17. b4 e5 18. cxd5 cxd5 19. Nb6 Be6 20. Rd1 Rbd8 21. Bxa6 f4 22. Nxd5 Rxd5 23. Rxd5 Bxd5 24. Bc4 Qf7 25. Bxd5 Qxd5 26. exf4 exf4 27. Bxf4 Nxf2 28. Qb3 Nh3+ 29. Kh2 Qxb3 30. axb3 Nxf4 31. gxf4 Rxf4 32. b5 Rb4 33. b6 Bd4 34. Rc1 Rxb3 35. Rc4 Rb2+ 36. Kh1 Be3 37. c6 g3 0-1

[Event "Titled Tuesday intern op 11th Mar Early"]
[Site "Chess.com INT"]
[Date "2025.03.11"]
[Round "5"]
[White "Galchenko, Matvey"]
[Black "Novoselov, Roman"]
[Result "1-0"]
[WhiteElo "2438"]
[BlackElo "2261"]
[PlyCount "85"]
[EventDate "2025.03.11"]
[EventType "swiss (blitz)"]
[EventRounds "11"]
[EventCountry "USA"]
[SourceTitle "CB12_2025"]
[SourceDate "2025.03.19"]
[SourceVersion "1"]
[SourceVersionDate "2025.03.19"]
[SourceQuality "1"]

1. e4 d5 2. exd5 Qxd5 3. Nc3 Qd6 4. d4 Nf6 5. Nf3 c6 6. Ne5 Nbd7 7. Nc4 Qc7 8. a4 Nb6 9. Ne5 a5 10. Qf3 Be6 11. Bd3 g6 12. Bf4 Qd8 13. Rd1 Bg7 14. 0-0 0-0 15. Rfe1 Nfd5 16. Nxd5 Bxd5 17. Qg3 Nxa4 18. b3 Nb2 19. Rd2 Nxd3 20. Rxd3 a4 21. bxa4 Rxa4 22. h4 Be6 23. c3 Bf5 24. Rdd1 Ra2 25. h5 Qd5 26. Qe3 Rfa8 27. Bh6 Bf6 28. c4 Qa5 29. d5 cxd5 30. cxd5 Qa3 31. Qf4 Qa4 32. Rd4 Qa5 33. Rdd1 Qc3 34. g4 Bc2 35. Rc1 Ra1 36. Nf3 Rxc1 37. Rxc1 Qb2 38. Kg2 Bb3 39. Qe4 Qxc1 40. Bxc1 Rd8 41. g5 Be5 42. Qxe5 Bxd5 43. Bb2 1-0

[Event "Titled Tuesday intern op 11th Mar Late"]
[Site "Chess.com INT"]
[Date "2025.03.11"]
[Round "9"]
[White "Galchenko, Matvey"]
[Black "Tregubov, Pavel V"]
[Result "1-0"]
[WhiteElo "2438"]
[BlackElo "2555"]
[PlyCount "65"]
[EventDate "2025.03.11"]
[EventType "swiss (blitz)"]
[EventRounds "11"]
[EventCountry "USA"]
[SourceTitle "CB12_2025"]
[SourceDate "2025.03.19"]
[SourceVersion "1"]
[SourceVersionDate "2025.03.19"]
[SourceQuality "1"]

1. f4 d5 2. Nf3 Nf6 3. g3 g6 4. Bg2 Bg7 5. 0-0 0-0 6. d3 c5 7. Ne5 Nfd7 8. Ng4 Nf6 9. Nxf6+ exf6 10. e4 dxe4 11. dxe4 Nc6 12. c3 Qxd1 13. Rxd1 Bg4 14. Re1 Rad8 15. Be3 b6 16. Nd2 Rd3 17. Bf1 Rd6 18. Nc4 Rdd8 19. a4 Be6 20. Bf2 Rfe8 21. Ne3 Na5 22. Bb5 Rf8 23. b4 cxb4 24. cxb4 Nb3 25. Rad1 Nd4 26. Kg2 Nxb5 27. axb5 Rfe8 28. Rxd8 Rxd8 29. Ra1 Bf8 30. f5 Bd7 31. Rxa7 Bxb5 32. Nd5 Bxb4 33. Nxb4 1-0

[Event "Titled Tuesday intern op 11th Mar Late"]
[Site "Chess.com INT"]
[Date "2025.03.11"]
[Round "6"]
[White "Gkavardinas, Antonios"]
[Black "Galchenko, Matvey"]
[Result "0-1"]
[WhiteElo "2302"]
[BlackElo "2438"]
[PlyCount "70"]
[EventDate "2025.03.11"]
[EventType "swiss (blitz)"]
[EventRounds "11"]
[EventCountry "USA"]
[SourceTitle "CB12_2025"]
[SourceDate "2025.03.19"]
[SourceVersion "1"]
[SourceVersionDate "2025.03.19"]
[SourceQuality "1"]

1. e4 e6 2. d4 d5 3. Nd2 a6 4. c3 c5 5. exd5 exd5 6. Ngf3 Nc6 7. dxc5 Bxc5 8. Bd3 Nf6 9. 0-0 0-0 10. Nb3 Bb6 11. Bg5 h6 12. Bh4 g5 13. Bg3 Ne4 14. Re1 f5 15. Nfd4 f4 16. Qh5 Qf6 17. Bxf4 gxf4 18. Qxd5+ Kh8 19. Qxe4 Qg7 20. Ne6 Bxe6 21. Qxe6 Rf6 22. Qe4 f3 23. g3 Raf8 24. Nd4 Nxd4 25. cxd4 Rf4 26. Qe7 Rxd4 27. Qxg7+ Kxg7 28. Re7+ Rf7 29. Rxf7+ Kxf7 30. Bc2 Rd2 31. Bb3+ Kf6 32. Rf1 Ke5 33. Re1+ Kf5 34. Be6+ Kf6 35. Rf1 Kxe6 0-1

[Event "Titled Tuesday intern op 11th Mar Early"]
[Site "Chess.com INT"]
[Date "2025.03.11"]
[Round "8"]
[White "Narayanan, Sunilduth Lyna"]
[Black "Galchenko, Matvey"]
[Result "1-0"]
[WhiteElo "2622"]
[BlackElo "2438"]
[PlyCount "105"]
[EventDate "2025.03.11"]
[EventType "swiss (blitz)"]
[EventRounds "11"]
[EventCountry "USA"]
[SourceTitle "CB12_2025"]
[SourceDate "2025.03.19"]
[SourceVersion "1"]
[SourceVersionDate "2025.03.19"]
[SourceQuality "1"]

1. Nf3 c5 2. e4 g6 3. Bc4 Bg7 4. 0-0 e6 5. d4 cxd4 6. Nxd4 a6 7. Bb3 Ne7 8. Nc3 Nbc6 9. Be3 0-0 10. f4 d5 11. e5 f6 12. exf6 Bxf6 13. Nce2 Bd7 14. c3 Na5 15. Re1 Nxb3 16. axb3 Qc7 17. Nf3 Nf5 18. Bf2 Rae8 19. Qd2 Nd6 20. Ng3 Bg7 21. Bd4 Bh6 22. Be3 Re7 23. Kh1 Bc6 24. Ne5 Bg7 25. Bd4 Bh6 26. Rf1 Ne4 27. Nxe4 dxe4 28. Qe3 Ree8 29. Rad1 Bg7 30. Ng4 Rf5 31. Bxg7 Qxg7 32. Ne5 Qc7 33. Kg1 Ref8 34. g3 Bd5 35. c4 Bc6 36. h4 Kg7 37. Ng4 h6 38. Rf2 Kh7 39. Ne5 Kg7 40. b4 g5 41. hxg5 hxg5 42. Qd4 Kg8 43. Ng4 e5 44. fxe5 Rxf2 45. Nxf2 Rf3 46. Nxe4 Bxe4 47. Qxe4 Rxg3+ 48. Kf2 Rh3 49. Qg6+ Kf8 50. Qf5+ Qf7 51. Rd8+ Kg7 52. Rd7 Rf3+ 53. Kxf3 1-0

[Event "Titled Tuesday intern op 11th Mar Early"]
[Site "Chess.com INT"]
[Date "2025.03.11"]
[Round "2"]
[White "Valle Luis, Leo"]
[Black "Galchenko, Matvey"]
[Result "0-1"]
[WhiteElo "2280"]
[BlackElo "2438"]
[PlyCount "80"]
[EventDate "2025.03.11"]
[EventType "swiss (blitz)"]
[EventRounds "11"]
[EventCountry "USA"]
[SourceTitle "CB12_2025"]
[SourceDate "2025.03.19"]
[SourceVersion "1"]
[SourceVersionDate "2025.03.19"]
[SourceQuality "1"]

1. e4 e6 2. d4 d5 3. e5 c5 4. c3 Qb6 5. Nf3 Nc6 6. a3 Nh6 7. Bd3 cxd4 8. 0-0 Bd7 9. b4 Rc8 10. Bb2 Nf5 11. Bxf5 exf5 12. cxd4 Be7 13. Nc3 Be6 14. Rb1 0-0 15. h4 a6 16. Qd3 h6 17. h5 Rfe8 18. Ne2 Na7 19. Rbc1 Qb5 20. Qe3 Qa4 21. Nd2 Nb5 22. Qd3 Bg5 23. f4 Be7 24. Rxc8 Rxc8 25. Rc1 Rxc1+ 26. Bxc1 Qd1+ 27. Kh2 Nxd4 28. Nxd4 Qxc1 29. g3 Qb2 30. Kg1 Bd8 31. N2f3 Bb6 32. Kh1 Qf2 33. Qc3 Qxg3 34. Nxe6 fxe6 35. Qc8+ Kh7 36. Qxe6 Qxf3+ 37. Kh2 Qxh5+ 38. Kg2 Qg4+ 39. Kh2 Bf2 40. Qxd5 Qg3+ 0-1

[Event "Moscow Aeroflot op-A"]
[Site "Moscow"]
[Date "2025.03.06"]
[Round "9"]
[White "Galchenko, Matvey"]
[Black "Vokhidov, Shamsiddin"]
[Result "1/2-1/2"]
[WhiteElo "2438"]
[BlackElo "2670"]
[PlyCount "47"]
[EventDate "2025.03.01"]
[EventType "swiss"]
[EventRounds "9"]
[EventCountry "RUS"]
[SourceTitle "CB11_2025"]
[SourceDate "2025.03.12"]
[SourceVersion "1"]
[SourceVersionDate "2025.03.12"]
[SourceQuality "1"]

1. e4 c5 2. Nc3 Nc6 3. Bb5 Nd4 4. Nf3 a6 5. Bd3 g6 6. Nxd4 cxd4 7. Ne2 d5 8. c3 dxe4 9. Bxe4 dxc3 10. Qa4+ Bd7 11. Qd4 cxb2 12. Bxb2 Nf6 13. Bxb7 Rb8 14. Bxa6 Qb6 15. Qxb6 Rxb6 16. Bxf6 Rxf6 17. Rb1 Rxa6 18. Rb8+ Bc8 19. Rxc8+ Kd7 20. Rc2 Bg7 21. 0-0 Rha8 22. Nc1 Rc8 23. Rxc8 Kxc8 24. Re1 1/2-1/2

[Event "Moscow Aeroflot op-A"]
[Site "Moscow"]
[Date "2025.03.03"]
[Round "4"]
[White "Namitbir, Singh Walia"]
[Black "Galchenko, Matvey"]
[Result "1/2-1/2"]
[WhiteElo "2347"]
[BlackElo "2438"]
[PlyCount "94"]
[EventDate "2025.03.01"]
[EventType "swiss"]
[EventRounds "9"]
[EventCountry "RUS"]
[SourceTitle "CB11_2025"]
[SourceDate "2025.03.12"]
[SourceVersion "1"]
[SourceVersionDate "2025.03.12"]
[SourceQuality "1"]

1. e4 e6 2. d4 d5 3. Nc3 Bb4 4. e5 Ne7 5. a3 Bxc3+ 6. bxc3 c5 7. h4 Qc7 8. h5 h6 9. Rb1 Nbc6 10. Qg4 Rg8 11. Nf3 Bd7 12. Bd3 f5 13. Qf4 0-0-0 14. a4 Qa5 15. Qd2 g5 16. hxg6 Rxg6 17. g3 Rg4 18. Ba3 c4 19. Be2 f4 20. Nh4 Rg7 21. gxf4 Qxa4 22. Bd6 Rdg8 23. Bf3 Rg1+ 24. Ke2 Rxb1 25. Rxb1 Qa5 26. Rh1 b6 27. f5 Nxf5 28. Nxf5 exf5 29. Rxh6 f4 30. Rh7 Nd8 31. Bb4 Qa2 32. Rxd7 Kxd7 33. Bxd5 Rg1 34. Be4 Qb1 35. Bf5+ Kc7 36. Bh3 Ne6 37. d5 f3+ 38. Ke3 Rd1 39. Bd6+ Kd8 40. dxe6 Rxd2 41. e7+ Ke8 42. Kxd2 Qh1 43. Bg4 Qh6+ 44. Kd1 Qh1+ 45. Kd2 Qh6+ 46. Kd1 Qh1+ 47. Kd2 Qh6+ 1/2-1/2

[Event "Moscow Aeroflot op-A"]
[Site "Moscow"]
[Date "2025.03.02"]
[Round "3"]
[White "Galchenko, Matvey"]
[Black "Tyurin, Artem"]
[Result "1/2-1/2"]
[WhiteElo "2438"]
[BlackElo "2324"]
[PlyCount "52"]
[EventDate "2025.03.01"]
[EventType "swiss"]
[EventRounds "9"]
[EventCountry "RUS"]
[SourceTitle "CB11_2025"]
[SourceDate "2025.03.12"]
[SourceVersion "1"]
[SourceVersionDate "2025.03.12"]
[SourceQuality "1"]

1. Nf3 d5 2. d4 Nf6 3. e3 c5 4. dxc5 e6 5. b4 a5 6. c3 axb4 7. cxb4 b6 8. Bb5+ Bd7 9. Bxd7+ Nfxd7 10. a4 bxc5 11. b5 Be7 12. Bb2 0-0 13. Nbd2 c4 14. 0-0 Nc5 15. Qc2 Nbd7 16. Nd4 Bd6 17. h3 Ne5 18. Bc3 Bc7 19. f4 Ned3 20. Nc6 Qd6 21. a5 f6 22. Rab1 e5 23. fxe5 fxe5 24. Nf3 Rfe8 25. Ncxe5 Nxe5 26. Nxe5 Ne4 1/2-1/2

[Event "Titled Tuesday intern op 25th Feb Early"]
[Site "Chess.com INT"]
[Date "2025.02.25"]
[Round "8"]
[White "Galchenko, Matvey"]
[Black "Fiorito, Joaquin"]
[Result "1-0"]
[WhiteElo "2438"]
[BlackElo "2402"]
[PlyCount "87"]
[EventDate "2025.02.25"]
[EventType "swiss (blitz)"]
[EventRounds "11"]
[EventCountry "USA"]
[SourceTitle "CB10_2025"]
[SourceDate "2025.03.05"]
[SourceVersion "1"]
[SourceVersionDate "2025.03.05"]
[SourceQuality "1"]

1. b3 Nf6 2. Bb2 g6 3. Nf3 Bg7 4. e3 0-0 5. d4 d6 6. Be2 Nbd7 7. 0-0 b6 8. c4 Bb7 9. Nc3 e6 10. b4 Qe7 11. Qb3 e5 12. Rac1 Ne4 13. Nd5 Qd8 14. Rfd1 c6 15. Nc3 Nxc3 16. Bxc3 e4 17. Nd2 Qe7 18. a4 f5 19. c5+ d5 20. b5 bxc5 21. dxc5 Bxc3 22. Qxc3 f4 23. Bf1 fxe3 24. Qxe3 Ne5 25. Be2 Qh4 26. Nb3 Rad8 27. Nd4 Rde8 28. Qg3 Qf6 29. Qe3 Qh4 30. h3 Qf6 31. bxc6 Nxc6 32. Nxc6 Bxc6 33. Bb5 Rd8 34. Qd4 Qe6 35. Rc3 Rf5 36. Re3 Rdf8 37. Rd2 Ba8 38. Rc3 Qf7 39. c6 Qc7 40. Rc5 Rd8 41. Bc4 Bxc6 42. Qxe4 Kg7 43. Qd4+ Kh6 44. Bb5 1-0